| 000 | 00400nam a22001577a 4500 | ||
|---|---|---|---|
| 003 | LK-CoDNM | ||
| 005 | 20240820123604.0 | ||
| 008 | 240820b |||||||| |||| 00| 0 eng d | ||
| 040 |
_aLK-CoDNM _dLK-CoDNM _eLK-CoDNM |
||
| 080 |
_a7 _bC13 |
||
| 100 | _aPOCOCKE E | ||
| 245 | _aINDIA IN GREECE | ||
| 260 |
_aLONDON _bJOHN J. GRIFFIN AND CO _c1852 |
||
| 300 | _a400P . ILL : MAP ; 20 CM | ||
| 942 | _cBK | ||
| 999 |
_c148407 _d148407 |
||